Las mujeres confinadas Estudio criminolg̤ico sobre el rol genřico en la ejecucin̤ de la pena en Amřica Latina y en Chile /

Bibliographic Details
Main Author: Antony Garcia, Carmen
Format: eBook
Language:Spanish
Published: [Chile] : Editorial jurd̕ica de Chile, 2008
Subjects:
Online Access:Acceso restringido

MARC

LEADER 00000nam a22000007a 4500
005 20111014113824.0
008 111014s2008 cl |||||s|||| 00||0 spa d
020 |a 956-10-1334-7 
035 |a 5984 
040 |a vLex 
090 |c 2659  |d 2659 
100 1 |a Antony Garcia, Carmen 
245 1 4 |a Las mujeres confinadas  |h [Recurso electrn̤ico] :  |b Estudio criminolg̤ico sobre el rol genřico en la ejecucin̤ de la pena en Amřica Latina y en Chile /  |c Carmen Antony Garcia  
256 |a Servicio en ln̕ea. 
260 |a [Chile] :  |b Editorial jurd̕ica de Chile,  |c 2008 
300 |a 1 recurso electrn̤ico 
506 1 |a Contenido solo disponible en los productos indicados  |d vLex Global  |d vLex Global (Academic Edition, excluding Law Schools)  |d vLex Global (U.S. Academic Edition, Law Schools)  |d vLex Global (U.S. Academic Edition, excluding Law Schools)  |d vLex Global (Academic Edition, Law Schools) 
650 0 4 |a Criminologia  |z Chile 
650 0 4 |a Mujeres  |x Criminologa̕ 
740 0 |a vLex Libros (Servicio en ln̕ea) 
856 4 0 |u http://vlex.com/source/5984  |z Acceso restringido 
942 |c BOOK